The Next Person You Meet in Heaven/ (Record no. 177693)

MARC details
000 -LEADER
fixed length control field 00600nam a22001937a 4500
005 - DATE AND TIME OF LATEST TRANSACTION
control field 20210225154532.0
010 ## - LCCN (DPL NO)
LC control number ENG-129068
020 ## - INTERNATIONAL STANDARD BOOK NUMBER
Terms of availability 499.00
International Standard Book Number 978-0-7515-7189-9
035 ## - SYSTEM CONTROL NUMBER
System control number EN-112600
037 ## - SOURCE OF ACQUISITION
Source of stock number/acquisition DBAD/PUB
082 ## - DEWEY DECIMAL CLASSIFICATION NUMBER
Classification number S
100 ## - MAIN ENTRY--PERSONAL NAME
Personal name Albom, Mitch
245 ## - TITLE STATEMENT
Title The Next Person You Meet in Heaven/
Remainder of title Mitch Albom
260 ## - PUBLICATION, DISTRIBUTION, ETC. (IMPRINT)
Place of publication, distribution, etc Gurugram
Name of publisher, distributor, etc Hachette Book Publishing India Pvt. Ltd.
Date of publication, distribution, etc 2018
270 ## - ADDRESS
City Gurugram
Address 4th/5th Floors, Corporate Centre, Plot No- 94, Sec- 44
Postal code 122003
300 ## - PHYSICAL DESCRIPTION
Extent 213p.
Dimensions 23cm(hbk)
500 ## - GENERAL NOTE
General note The five people you meet in heaven.
942 ## - ADDED ENTRY ELEMENTS (KOHA)
Source of classification or shelving scheme Dewey Decimal Classification
Item type English Books
Classification part S
Call number suffix ALB
Holdings
Withdrawn status Lost status Not for loan Collection code Home library Current library Date acquired Source of acquisition Cost, normal purchase price Full call number Barcode Copy number Cost, replacement price Koha item type
      Fiction Ashok Vihar Ashok Vihar 25/02/2021 DBAD/PUB 499.00 S ALB EN-112600 1 499.00 English Books

© Delhi Public Library
Hit Counter
free hit counter